00968 2200349 4500001002100000005001700021008004100038020002200079035002400101040001200125082001000137084001600147100002000163245012100183250001100304260003200315300003100347500001400378650001200392700002200404850001200426990001800438990001800456990001800474990001800492990001800510990001800528990001800546990001800564990001800582990001800600INLIS00000000002167820160802092912.0  a978-979-911-320-7 0010-081600000000035 aYOPDYOG a641.5 a641.5 Fik R aFika Faila Sufa aResep Sehat Dan Lezat Untuk Si KecilbBikin Anak Semangat Sekolahc/ Fika Faila Sufa ; penyunting, Julian Ardhiyanto aCet. 1 aYogyakartabAjarmasakc2014 a54 hlm.b: ilus.c; 23 cm. a4-54 hlm. aMasakan aJulian Ardhiyanto aYOPDYOG a11709-KS/B.16 a11710-KS/B.16 a11711-KS/B.16 a11712-KS/B.16 a11713-KS/B.16 a11714-KS/B.16 a11715-KS/B.16 a11716-KS/B.16 a11717-KS/B.16 a11718-KS/B.16